| 000 | 00406nam a2200121Ia 4500 | ||
|---|---|---|---|
| 008 | 151021s9999 xx 000 0 und d | ||
| 050 | _aHC 865 .K47 2013 | ||
| 245 | _a_Bungoma County Development Profile/ Kenya Ministry of Devolution and Planning | ||
| 260 | _aNairobi : Government Printer, 2013 | ||
| 300 | _axvii153 p. | ||
| 650 | _a_County Vision and mission | ||
| 980 | _a^d20140317 04:04:48^omwanik | ||
| 999 |
_c14798 _d14798 |
||